000 00864nam a2200229 a 4500
001 000012323
005 20260304124929.0
008 091111t1980 dr ac r 000 0dspa d
040 _aDO-SdBNP
_bspa
_cBNPHU
082 _a365.45092
_bF385p, 1980
100 1 _aFerreras, Ramón Alberto,
_d193?-1993
_928990
245 1 0 _aPreso :
_b(1960 : la cárcel bajo Trujillo) /
_cRamón Alberto Ferreras.
250 _a2a ed.
260 _aSanto Domingo :
_bNordeste,
_c1980.
300 _a320 p. :
_bil., retrs. ;
_c17 cm.
590 _aInventariado, 2018/BT
650 4 _aPresos políticos
_zRepública Dominicana
_928991
650 4 _aPersecuciones políticas
_zRepública Dominicana
_928992
650 0 _aViolencia política
_928993
651 4 _aRepública Dominicana
_xPolítica Y Gobierno
_yERA DE TRUJILLO, 1930-1961
_91374
910 _aValidado. Control de calidad. EMS
999 _c11980
_d11980